Estadísticas para Máximos goleadores en la historia del Napoli

Haz click aquí para intentar la prueba.

Estadísticas generales

  • Esta prueba ha sido intentada 13 veces
  • La puntuación promedio es 4 de 10

Estadísticas de respuestas

GolesNacionalidadJugador% Correcto
115ArgentinaDiego Armando Maradona
92%
148BélgicaDries Mertens
75%
121EslovaquiaMarek Hamšík
75%
122ItaliaLorenzo Insigne
67%
104UruguayEdinson Cavani
50%
91ArgentinaGonzalo Higuain
25%
96BrasilCareca
8%
97Brasil / ItalienJosé Altafini
8%
103Croacia / ItaliaAntonio Vojak
0%
108Paraguay / ItaliaAttila Sallustro
0%

Distribución de puntuación

Porcentaje por número respondido

Porcentaje de gente con cada puntuación

Historial de tus puntuaciones

No has intentado esta prueba.